书目信息 |
| 题名: |
北史故事选
|
|
| 作者: | 胡明伟 , 齐良 编著 | |
| 分册: | ||
| 出版信息: | 北京 学苑出版社 1991.10 |
|
| 页数: | 245页 | |
| 开本: | 19cm | |
| 丛书名: | 二十五史故事丛编 | |
| 单 册: | ||
| 中图分类: | K209 , I242 | |
| 科图分类: | ||
| 主题词: | 历史故事--中国--现代--选集 , 历史故事 , 小说--中国 | |
| 电子资源: | ||
| ISBN: | 7-5077-0052-6 | |
| 000 | 00834oam2 2200301 450 | |
| 001 | 1560772850 | |
| 005 | 20150125165314.42 | |
| 010 | @a7-5077-0052-6@dCNY3.20 | |
| 100 | @a19920513d1991 em y0chiy0110 ea | |
| 101 | 0 | @achi |
| 102 | @aCN@b110000 | |
| 105 | @ay z 000zy | |
| 200 | 1 | @a北史故事选@9bei shi gu shi xuan@f胡明伟,齐 良编著 |
| 210 | @a北京@c学苑出版社@d1991.10 | |
| 215 | @a245页@d19cm | |
| 225 | 2 | @a二十五史故事丛编@f张巨才,柳弓田主编 |
| 461 | 0 | @12001 @a二十五史故事丛编 |
| 605 | @a北史@x通俗读物 | |
| 605 | @2CT@3S900309@a北史 | |
| 606 | 0 | @a历史故事@y中国@z现代@x选集 |
| 606 | 0 | @a历史故事 |
| 606 | 0 | @a小说@x中国 |
| 690 | @aK209@v三版 | |
| 690 | @aI242@v4 | |
| 701 | 0 | @a胡明伟@9hu ming wei@4编著 |
| 701 | 0 | @a齐良@9qi liang@4编著 |
| 801 | 0 | @aCN@bTSSF@c20150125 |
| 905 | @aZUCC@dI242@eJY13 | |
| 北史故事选/胡明伟,齐 良编著.-北京:学苑出版社,1991.10 |
| 245页;19cm.-(二十五史故事丛编/张巨才,柳弓田主编) |
| ISBN 7-5077-0052-6:CNY3.20 |
| ● |
| 相关链接 |
|
|
|
|
正题名:北史故事选
索取号:I242/JY13
 
预约/预借
| 序号 | 登录号 | 条形码 | 馆藏地/架位号 | 状态 | 备注 |
| 1 | 7854736 | 278547360 | 学院路分馆/ [索取号:I242/JY13] | 在馆 | |
| 2 | 7854737 | 278547379 | 学院路分馆/ [索取号:I242/JY13] | 在馆 |